Quince cuentos ejemplares / (Registro nro. 9832)

Detalles MARC
000 -LIDER
fixed length control field 00825nam a22002771 4500
001 - NÚMERO DE CONTROL
Identificador de número de control 013407
003 - IDENTIFICACDOR DE NÚMERO DE CONTROL
control field DO-SdBNP
005 - DATE AND TIME OF LATEST TRANSACTION
control field 20180202151235.0
007 - CAMPOS FIJOS DE DESCRIPCIÓN FÍSICA
fixed length control field 013407
008 - ELEMENTOS DE LONGITUD FIJA
fixed length control field 960722s1968 sp spa
016 7# - NO. DE CONTROL DE LA AGENCIA BIB. NACIONAL
Record control number
Canceled/invalid record control number
Source BPMSU
017 ## - NÚMERO DE REGISTRO DE DERECHOS DE AUTOR
Copyright or legal deposit number
Assigning agency
035 ## - NÚMERO LOCAL
System control number
040 ## - FUENTE DE CATALOGACIÓN
Agencia que crea de manera original el registro BPMSU
Idioma de catalogación spa
Agencia que realiza la transcripción BPMSU
080 #0 - NÚMERO DE CLASIFICACIÓN DECIMAL UNIVERSAL
Universal Decimal Classification number
100 ## - ASIENTO PRINCIPAL -- NOMBRE PERSONAL
Nombre personal Fradejas Lebrero, José
245 10 - MENCIÓN DE TITULO
Título Quince cuentos ejemplares /
Medio (Designación general de material)
Mención de responsabilidad José Fradejas Lebrero ; dibujos Celedonio Perellón
260 ## - PUBLICACIÓN, DISTRIBUCIÓN, ETC. (PIE DE IMPRENTA)
Lugar de publicación, distribución, etc Madrid :
Nombre del editor, distribuidor, etc. Confederación Española de Cajas de Ahorros
Fecha de publicación, distribución, etc [1968
300 ## - DESCRIPCIÓN FÍSICA
Extensión 110 p. :
Otros detalles físicos il. ;
Dimensiones 28 cm
650 #7 - ENCABEZAMIENTO DE MATERIA--TEMÁTICO
Término temático o nombre geográfico como elemento de entrada
Subdivisión de forma
Fuente del encabezamiento o término
700 10 - ASIENTO SECUNDARIO -- NOMBRE PERSONAL
Nombre personal Perellón, Celedonio
Mención de responsabilidad dibujos
710 21 - ASIENTO SECUNDARIO -- NOMBRE CORPORATIVO
Nombre corporativo o de jurisdicción Confederación Española de Cajas de Ahorros
942 ## - ADDED ENTRY ELEMENTS (KOHA)
Source of classification or shelving scheme Dewey Decimal Classification
Koha item type Libros
945 ## - INFORMACIÓN DE PROCESAMIENTO LOCAL
Información de procesamiento local Inventariado, 2018 / BT
956 ## - LOCAL ELECTRONIC LOCATION AND ACCESS (OCLC)
Nombre de host VMATEO
Método de acceso 10
Materiales especificados 20160418
Enlace BPMSU
Campo enlazado y núm. de secuencia 0069
Existencias
Withdrawn status Lost status Source of classification or shelving scheme Damaged status Not for loan Collection code Home library Current library Date acquired Source of acquisition Total Checkouts Barcode Date last seen Price effective from Koha item type
    Dewey Decimal Classification     Colección Juvenil General Biblioteca Pública Metropolitana Salomé Ureña Biblioteca Pública Metropolitana Salomé Ureña 04/18/2016 FUNDI   BPMSU16040531 04/18/2016 04/18/2016 Libros